Ruth D. Lechuga-kokoelma / Franz Mayer-kokoelma (Record no. 9114)
[ view plain ]
| 000 -CABECERA | |
|---|---|
| campo de control de longitud fija | 01163nam a2200289 a 4500 |
| 001 - NÚMERO DE CONTROL | |
| campo de control | BRL_301 |
| 005 - FECHA Y HORA DE LA ÚLTIMA TRANSACCIÓN | |
| campo de control | 20190320210657.0 |
| 008 - DATOS DE LONGITUD FIJA--INFORMACIÓN GENERAL | |
| campo de control de longitud fija | 230713s2006----fi-oa#####---#000-0#fin-# |
| 020 ## - NÚMERO INTERNACIONAL ESTÁNDAR DEL LIBRO | |
| Número Internacional Estándar del Libro | 9529878516 |
| 050 #4 - SIGNATURA TOPOGRÁFICA DE LA BIBLIOTECA DEL CONGRESO | |
| Número de clasificación | NK844 |
| Número de documento/Ítem | .R98 2006 |
| 245 10 - MENCIÓN DE TÍTULO | |
| Título | Ruth D. Lechuga-kokoelma / Franz Mayer-kokoelma |
| Resto del título | Meksikon Kahdet Kasvot. |
| 260 ## - PUBLICACIÓN, DISTRIBUCIÓN, ETC. | |
| Lugar de publicación, distribución, etc. | Helsinki, Finlandia |
| Nombre del editor, distribuidor, etc. | Museum of Art and Design |
| Fecha de publicación, distribución, etc. | 2006 |
| 300 ## - DESCRIPCIÓN FÍSICA | |
| Extensión | 1 v. (en varias paginaciones) |
| Otras características físicas | il. a color |
| Dimensiones | 20 cm. |
| 500 ## - NOTA GENERAL | |
| Nota general | Catálogo de la exposición realizada en el Museum of Art and Design (Helsinki, Filandia), 26 septiembre, 2006–14 enero, 2007 |
| 500 ## - NOTA GENERAL | |
| Nota general | La biblioteca cuenta con 3 ejemplares |
| 500 ## - NOTA GENERAL | |
| Nota general | Ejemplares integrados de manera póstuma a la colección Ruth D. Lechuga |
| 500 ## - NOTA GENERAL | |
| Nota general | Ej.1 Au2256, Ej.2 Au2257, Ej.3 Au203 |
| 546 ## - NOTA DE LENGUA/LENGUAJE | |
| Nota de lengua/lenguaje | Texto en : finlandés |
| 600 14 - PUNTO DE ACCESO ADICIONAL DE MATERIA--NOMBRE DE PERSONA | |
| Nombre de persona | Lechuga, Ruth D |
| Fechas asociadas al nombre | 1920-2004 |
| Subdivisión general | Colecciones de arte |
| 9 (RLIN) | 2457 |
| 600 14 - PUNTO DE ACCESO ADICIONAL DE MATERIA--NOMBRE DE PERSONA | |
| Nombre de persona | Mayer, Franz |
| Fechas asociadas al nombre | 1882-1975 |
| Subdivisión general | Colecciones de arte |
| 9 (RLIN) | 8327 |
| 650 14 - PUNTO DE ACCESO ADICIONAL DE MATERIA--TÉRMINO DE MATERIA | |
| Término de materia o nombre geográfico como elemento de entrada | Arte popular mexicano |
| 9 (RLIN) | 8328 |
| 650 14 - PUNTO DE ACCESO ADICIONAL DE MATERIA--TÉRMINO DE MATERIA | |
| Término de materia o nombre geográfico como elemento de entrada | Artes decorativas |
| Subdivisión geográfica | México |
| 9 (RLIN) | 3532 |
| 740 0# - PUNTO DE ACCESO ADICIONAL--TÍTULO RELACIONADO O ANALÍTICO NO CONTROLADO | |
| Título relacionado o analítico no controlado | Two Faces of Mexico |
| 740 0# - PUNTO DE ACCESO ADICIONAL--TÍTULO RELACIONADO O ANALÍTICO NO CONTROLADO | |
| Título relacionado o analítico no controlado | Franz Mayer-kokoelma |
| 902 ## - CATALOGADOR | |
| Iniciales | GRL |
| 942 ## - ELEMENTOS DE PUNTO DE ACCESO ADICIONAL (KOHA) | |
| Fuente del sistema de clasificación o colocación | Library of Congress Classification |
| Tipo de ítem Koha | Libros |
| Estado de retiro | Estado de pérdida | Estado dañado | No para préstamo | Localización permanente | Ubicación/localización actual | Fecha de adquisición | Total de préstamos | Signatura topográfica completa | Código de barras | Fecha visto por última vez | Precio válido a partir de | Tipo de ítem Koha |
|---|---|---|---|---|---|---|---|---|---|---|---|---|
| El ejemplar forma parte de la colección y puede ser consultado según las políticas vigentes. | Biblioteca Centro de Estudios Ruth D. Lechuga | Biblioteca Centro de Estudios Ruth D. Lechuga | 23/07/2013 | NK844 .R98 2006 | GRL02153 | 22/03/2019 | 22/03/2019 | Libros | ||||
| El ejemplar forma parte de la colección y puede ser consultado según las políticas vigentes. | Biblioteca Centro de Estudios Ruth D. Lechuga | Biblioteca Centro de Estudios Ruth D. Lechuga | 21/01/2016 | NK844 .R98 2006 | GRL02154 | 22/03/2019 | 22/03/2019 | Libros | ||||
| El ejemplar forma parte de la colección y puede ser consultado según las políticas vigentes. | Biblioteca Centro de Estudios Ruth D. Lechuga | Biblioteca Centro de Estudios Ruth D. Lechuga | 16/02/2016 | NK844 .R98 2006 | GRL02160 | 22/03/2019 | 22/03/2019 | Libros |